[Event "Mitropa Cup 15th"]
[Site "Bad Woerishofen"]
[Date "1993.??.??"]
[Round "?"]
[White "Zueger, Beat"]
[Black "Van Mil, Johan"]
[Result "1/2-1/2"]
[WhiteElo "2415"]
[BlackElo "2435"]
[Annotator "Ftacnik,L"]
[PlyCount "126"]
[EventDate "1993.01.??"]
[EventType "team-tourn"]
[EventRounds "7"]
[EventCountry "GER"]
[Source "ChessBase"]
[SourceDate "1993.06.01"]

1. d4 Nf6 2. c4 g6 3. Nc3 d5 4. cxd5 Nxd5 5. e4 Nxc3 6. bxc3 Bg7 7. Bb5+ c6 8.
Ba4 O-O 9. Ne2 e5 10. O-O Nd7 11. Ba3 Re8 12. Bb3 $5 Nb6 (12... exd4 13. Nxd4)
13. f4 exd4 14. f5 gxf5 15. Ng3 Qh4 $1 (15... dxc3 16. Qh5 Qf6 17. Nxf5 $40)
16. Rxf5 $1 (16. Nxf5 Bxf5 17. Rxf5 (17. Bxf7+ Kxf7 18. Qb3+ Nd5 19. Rxf5+ Kg6
$1) 17... Rxe4 18. Rxf7 Nd5 $132) (16. cxd4 Be6 (16... f4 17. Nh5 Bg4 18. Bxf7+
Kh8 19. Nxg7 Bxd1 20. Nxe8 $13 {Smejkal,J-Pribyl,J/Pardubice op/1992/}) 17.
Nxf5 Bxf5 18. Rxf5 Rxe4) 16... Bxf5 17. Nxf5 Qxe4 $6 (17... Qf6 $1 18. Qg4 dxc3
19. Rf1 Kh8 $13) 18. Qh5 $1 (18. Bxf7+ Kh8 19. Nxg7 (19. Bxe8 Qxf5) 19... Kxg7
20. Bxe8 Rxe8 21. Qxd4+ Qxd4+ 22. cxd4 Re2 $13) 18... Re6 $1 $8 (18... Nd5 19.
Qg5 Qe5 20. Nh6+ Kh8 21. Nxf7+ $18) 19. Bxe6 Qxe6 20. Qg4 Qf6 21. Bc5 $1 Re8 $1
22. Bxd4 Qg6 23. Qxg6 hxg6 24. Nxg7 Re4 25. Rb1 (25. Rd1 Nd5 $13) 25... c5 26.
Bxc5 Kxg7 27. Bxb6 axb6 28. Rxb6 Re2 29. Rxb7 Rxa2 30. h4 Rc2 31. Rc7 Kh6 32.
Kh2 g5 33. hxg5+ Kxg5 34. Kg3 f5 35. Rc5 Rd2 36. Kf3 Rd3+ 37. Ke2 Rg3 38. Kf2
Rd3 39. Rc8 Kf4 40. Rc4+ Kg5 41. Ke2 Rg3 42. Kf2 Rd3 43. g3 Rd2+ 44. Ke3 Rg2
45. Kf3 Rd2 (45... Rc2) 46. Rd4 Rc2 47. Rd3 Rc1 48. Ke3 Kg4 49. Kd4 Rg1 50. c4
Rxg3 51. c5 Rg1 52. c6 Re1 53. c7 Re8 54. Re3 Rc8 55. Re7 Kf3 56. Ke5 f4 57.
Kf5 Ra8 58. Rd7 Ra5+ 59. Ke6 Rc5 60. Kd6 Rc1 61. Rd8 Ke2 62. Re8+ Kd3 63. Re5
Rxc7 $1 (63... f3 $2 64. Rc5 Rxc5 65. Kxc5 f2 66. c8=Q f1=Q 67. Qa6+ $18)
1/2-1/2

[Event "Mitropa Cup 15th"]
[Site "Bad Woerishofen"]
[Date "1993.??.??"]
[Round "?"]
[White "Zueger, Beat"]
[Black "Vokac, Marek"]
[Result "1/2-1/2"]
[WhiteElo "2415"]
[BlackElo "2435"]
[PlyCount "42"]
[EventDate "1993.01.??"]
[EventType "team-tourn"]
[EventRounds "7"]
[EventCountry "GER"]
[Source "ChessBase"]
[SourceDate "1993.06.01"]

1. d4 g6 2. c4 Bg7 3. e4 c5 4. d5 d6 5. Bd3 Nf6 6. Nf3 O-O 7. Nc3 e6 8. O-O
exd5 9. exd5 Bg4 10. h3 Bxf3 11. Qxf3 Nbd7 12. Qd1 a6 13. a4 Qc7 14. Bd2 Rae8
15. f4 Nh5 16. g4 Bd4+ 17. Kg2 Ng7 18. Qc2 f5 19. g5 Be3 20. Rfe1 Bxd2 21. Qxd2
Qd8 1/2-1/2

[Event "Mitropa Cup 16th"]
[Site "Buekfuerdo"]
[Date "1995.??.??"]
[Round "1"]
[White "Biolek, Richard"]
[Black "Jukic, Branimir"]
[Result "1-0"]
[WhiteElo "2455"]
[BlackElo "2415"]
[PlyCount "73"]
[EventDate "1995.02.??"]
[EventType "team-tourn"]
[EventRounds "9"]
[EventCountry "HUN"]
[Source "ChessBase"]
[SourceDate "1995.07.01"]

1. c4 e5 2. Nc3 Nf6 3. Nf3 Nc6 4. g3 d5 5. cxd5 Nxd5 6. Bg2 Nb6 7. O-O Be7 8.
a3 O-O 9. b4 Be6 10. d3 a5 11. b5 Nd4 12. Nd2 a4 13. Rb1 Nd5 14. Bxd5 Bxd5 15.
e3 Ne6 16. e4 Bb3 17. Nxb3 axb3 18. Qxb3 Nd4 19. Qd1 Bxa3 20. Be3 Bc5 21. Rc1
Ra3 22. Nd5 Qd6 23. Bxd4 exd4 24. Qf3 b6 25. Rfd1 Qd7 26. Kg2 Bd6 27. Rc6 f5
28. e5 Bxe5 29. Re1 Bd6 30. Nxb6 cxb6 31. Qd5+ Qf7 32. Qxd6 Rxd3 33. Re7 Qh5
34. Qd5+ Kh8 35. Rf7 Rg8 36. Rxg7 Re8 37. Rcc7 1-0

[Event "Mitropa Cup 16th"]
[Site "Buekfuerdo"]
[Date "1995.??.??"]
[Round "1"]
[White "Bosboom, Manuel"]
[Black "Mohr, Georg"]
[Result "1-0"]
[WhiteElo "2430"]
[BlackElo "2430"]
[PlyCount "77"]
[EventDate "1995.02.??"]
[EventType "team-tourn"]
[EventRounds "9"]
[EventCountry "HUN"]
[Source "ChessBase"]
[SourceDate "1995.07.01"]

1. c4 g6 2. Nf3 Bg7 3. g3 Nf6 4. Bg2 O-O 5. O-O c5 6. d4 cxd4 7. Qxd4 Nc6 8.
Qh4 d6 9. Nc3 Re8 10. Bh6 Bh8 11. Rac1 Bd7 12. Bg5 Qa5 13. Rfd1 Be6 14. Nb5 Qd8
15. e4 Qb6 16. Nxd6 Red8 17. b3 Ng4 18. c5 Qa6 19. Bxe7 Nxe7 20. Ng5 Nf6 21.
Nxe6 fxe6 22. Bh3 Kg7 23. Bxe6 Qe2 24. Qf4 Rf8 25. Rd2 Qh5 26. Nxb7 Nc6 27.
Qc7+ Kh6 28. Qxc6 Qe5 29. Bd5 Ng4 30. Nd6 Qg5 31. f4 Qe7 32. Re1 Rad8 33. e5
Nf6 34. Bg2 Nh5 35. Red1 Rb8 36. Ne4 Rfc8 37. Qa4 a5 38. Rd7 Qe6 39. Ng5 1-0

[Event "Mitropa Cup 16th"]
[Site "Buekfuerdo"]
[Date "1995.??.??"]
[Round "1"]
[White "Casagrande, Harald"]
[Black "Banas, Jan"]
[Result "1-0"]
[WhiteElo "2385"]
[BlackElo "2410"]
[PlyCount "27"]
[EventDate "1995.02.??"]
[EventType "team-tourn"]
[EventRounds "9"]
[EventCountry "HUN"]
[Source "ChessBase"]
[SourceDate "1995.07.01"]

1. d4 Nf6 2. Bg5 c5 3. Bxf6 gxf6 4. d5 Qb6 5. Qc1 e6 6. e4 Bh6 7. Qxh6 Qxb2 8.
Ne2 Qxa1 9. Nec3 Qb2 10. Be2 Qb6 11. Qxf6 Rf8 12. d6 Qd8 13. Qg7 b6 14. Nd5 1-0

[Event "Mitropa Cup 16th"]
[Site "Buekfuerdo"]
[Date "1995.??.??"]
[Round "1"]
[White "Costa, Jean Luc"]
[Black "Fogarasi, Tibor"]
[Result "0-1"]
[WhiteElo "2425"]
[BlackElo "2500"]
[PlyCount "62"]
[EventDate "1995.02.??"]
[EventType "team-tourn"]
[EventRounds "9"]
[EventCountry "HUN"]
[Source "ChessBase"]
[SourceDate "1995.07.01"]

1. d4 Nf6 2. c4 g6 3. Nc3 d5 4. Nf3 Bg7 5. Bg5 dxc4 6. e3 Be6 7. Ne5 c5 8. Bxc4
Bxc4 9. Nxc4 cxd4 10. exd4 O-O 11. O-O Nbd7 12. Re1 Nb6 13. Nxb6 Qxb6 14. Rxe7
Qxb2 15. Bxf6 Bxf6 16. Re3 Qb4 17. Rb1 Qxd4 18. Rd3 Qc4 19. Nd5 Bg7 20. Rxb7
Qxa2 21. h4 h5 22. Qf3 Rab8 23. Rd7 a5 24. g3 a4 25. Ne7+ Kh7 26. R3d5 Qc2 27.
R7d6 Qb1+ 28. Kg2 Rb5 29. Rxb5 Qxb5 30. Rd5 Qa6 31. g4 Qe6 0-1

[Event "Mitropa Cup 16th"]
[Site "Buekfuerdo"]
[Date "1995.??.??"]
[Round "1"]
[White "Gostisa, Leon"]
[Black "Sosonko, Gennadi"]
[Result "1/2-1/2"]
[WhiteElo "2420"]
[BlackElo "2535"]
[PlyCount "36"]
[EventDate "1995.02.??"]
[EventType "team-tourn"]
[EventRounds "9"]
[EventCountry "HUN"]
[Source "ChessBase"]
[SourceDate "1995.07.01"]

1. d4 Nf6 2. Nf3 d5 3. c4 e6 4. Nc3 c5 5. cxd5 cxd4 6. Nxd4 Nxd5 7. Ndb5 Nc6 8.
e4 Nxc3 9. Qxd8+ Kxd8 10. Nxc3 Bc5 11. Bf4 Ke7 12. O-O-O Bd7 13. Rd2 Rac8 14.
Bb5 a6 15. Rhd1 Rhd8 16. Bf1 f6 17. Kb1 Be8 18. Rxd8 Nxd8 1/2-1/2

[Event "Mitropa Cup 16th"]
[Site "Buekfuerdo"]
[Date "1995.??.??"]
[Round "1"]
[White "Grosar, Aljosa"]
[Black "Van der Werf, Mark"]
[Result "1-0"]
[WhiteElo "2475"]
[BlackElo "2415"]
[PlyCount "71"]
[EventDate "1995.02.??"]
[EventType "team-tourn"]
[EventRounds "9"]
[EventCountry "HUN"]
[Source "ChessBase"]
[SourceDate "1995.07.01"]

1. e4 c6 2. d4 d5 3. e5 c5 4. dxc5 Nc6 5. Bb5 e6 6. Nf3 Bxc5 7. c4 Nge7 8. Nc3
a6 9. Bxc6+ bxc6 10. O-O Ng6 11. Na4 Ba7 12. Be3 Bxe3 13. fxe3 O-O 14. Qd4 a5
15. b3 Ba6 16. Rfd1 Qc7 17. Nc5 Rfd8 18. Rac1 Qe7 19. Nxa6 Rxa6 20. cxd5 exd5
21. e4 Raa8 22. Rxc6 dxe4 23. Rd6 Re8 24. Rd7 Qe6 25. Ng5 Qxe5 26. Qc4 Nh8 27.
Rxf7 Nxf7 28. Qxf7+ Kh8 29. Qh5 Kg8 30. Qf7+ Kh8 31. Qh5 Kg8 32. Qxh7+ Kf8 33.
Qg6 Ra7 34. Rf1+ Ke7 35. Qf7+ Kd6 36. Rd1+ 1-0

[Event "Mitropa Cup 16th"]
[Site "Buekfuerdo"]
[Date "1995.??.??"]
[Round "1"]
[White "Hoffmann, Michael"]
[Black "Arlandi, Ennio"]
[Result "1/2-1/2"]
[WhiteElo "2475"]
[BlackElo "2440"]
[PlyCount "35"]
[EventDate "1995.02.??"]
[EventType "team-tourn"]
[EventRounds "9"]
[EventCountry "HUN"]
[Source "ChessBase"]
[SourceDate "1995.07.01"]

1. c4 e6 2. g3 d5 3. Bg2 Nf6 4. Nf3 Be7 5. O-O O-O 6. d4 dxc4 7. Qc2 a6 8. a4
Bd7 9. Qxc4 Bc6 10. Bg5 a5 11. Nc3 Na6 12. Rfe1 Bd5 13. Qd3 Nb4 14. Qd1 Bxf3
15. Bxf3 h6 16. Bf4 Nfd5 17. Be5 c6 18. Qb3 1/2-1/2

[Event "Mitropa Cup 16th"]
[Site "Buekfuerdo"]
[Date "1995.??.??"]
[Round "1"]
[White "Huss, Andreas"]
[Black "Varga, Zoltan"]
[Result "1/2-1/2"]
[WhiteElo "2415"]
[BlackElo "2460"]
[PlyCount "48"]
[EventDate "1995.02.??"]
[EventType "team-tourn"]
[EventRounds "9"]
[EventCountry "HUN"]
[Source "ChessBase"]
[SourceDate "1995.07.01"]

1. d4 d5 2. c4 dxc4 3. Nf3 a6 4. e3 Nf6 5. Bxc4 e6 6. O-O c5 7. Qe2 b5 8. Bb3
Bb7 9. a4 b4 10. Rd1 Nc6 11. Nbd2 Qc7 12. Nc4 Rd8 13. h3 Be7 14. a5 O-O 15. Rd3
Ne4 16. Bd2 cxd4 17. exd4 Nxd2 18. Qxd2 Rd5 19. Rc1 Qd8 20. Ne3 Rd7 21. Ba4 Rd6
22. Nc4 Rd5 23. Ne3 Rd6 24. Nc4 Rd5 1/2-1/2

[Event "Mitropa Cup 16th"]
[Site "Buekfuerdo"]
[Date "1995.??.??"]
[Round "1"]
[White "Jirovsky, Milos"]
[Black "Zelcic, Robert"]
[Result "0-1"]
[WhiteElo "2425"]
[BlackElo "2500"]
[PlyCount "104"]
[EventDate "1995.02.??"]
[EventType "team-tourn"]
[EventRounds "9"]
[EventCountry "HUN"]
[Source "ChessBase"]
[SourceDate "1995.07.01"]

1. c4 Nf6 2. g3 e6 3. Bg2 a6 4. b3 c5 5. Bb2 Be7 6. Nf3 b5 7. O-O Bb7 8. d3 O-O
9. Nbd2 d6 10. e3 Nbd7 11. Qe2 Rb8 12. e4 Qc7 13. Rac1 Bc6 14. Rfe1 Qb7 15. Nh4
Ne8 16. Nhf3 e5 17. Rf1 Nc7 18. Bh3 Ne6 19. Bxe6 fxe6 20. Ba1 b4 21. h4 h6 22.
Nh2 Qc8 23. Qg4 Nf6 24. Qh3 Nh5 25. Qg4 Be8 26. f4 Rf6 27. Kh1 exf4 28. Bxf6
Nxg3+ 29. Kg2 Bxf6 30. Rxf4 Nh5 31. Rf3 e5 32. Rh1 Nf4+ 33. Kf1 Bh5 34. Qxc8+
Rxc8 35. Re3 Bxh4 36. Ndf3 Be7 37. Rg1 a5 38. Ng4 Kh7 39. Nfh2 Rf8 40. Ke1 Bh4+
41. Kd2 a4 42. Kc2 axb3+ 43. axb3 Ne6 44. Rh3 g5 45. Kb2 Bxg4 46. Nxg4 h5 47.
Ne3 Rf2+ 48. Kb1 Nd4 49. Rg2 Kg6 50. Rhh2 Rf3 51. Nc2 Bg3 52. Rh3 h4 0-1

[Event "Mitropa Cup 16th"]
[Site "Buekfuerdo"]
[Date "1995.??.??"]
[Round "1"]
[White "Leventic, Ivan"]
[Black "Gross, David"]
[Result "1/2-1/2"]
[WhiteElo "2400"]
[BlackElo "2425"]
[PlyCount "28"]
[EventDate "1995.02.??"]
[EventType "team-tourn"]
[EventRounds "9"]
[EventCountry "HUN"]
[Source "ChessBase"]
[SourceDate "1995.07.01"]

1. e4 e5 2. Nf3 Nc6 3. Bb5 f5 4. Nc3 Nf6 5. exf5 Bc5 6. Qe2 Qe7 7. Ne4 Nxe4 8.
Qxe4 O-O 9. O-O d6 10. Qc4+ Kh8 11. Bxc6 bxc6 12. d3 Bxf5 13. Be3 Be6 14. Qh4
Qxh4 1/2-1/2

[Event "Mitropa Cup 16th"]
[Site "Buekfuerdo"]
[Date "1995.??.??"]
[Round "1"]
[White "Marinelli, Tullio"]
[Black "Kachiani Gersinska, Ketino"]
[Result "0-1"]
[WhiteElo "2425"]
[BlackElo "2380"]
[PlyCount "82"]
[EventDate "1995.02.??"]
[EventType "team-tourn"]
[EventRounds "9"]
[EventCountry "HUN"]
[Source "ChessBase"]
[SourceDate "1995.07.01"]

1. d4 Nf6 2. c4 e6 3. Nc3 Bb4 4. e3 c5 5. Bd3 Nc6 6. Nf3 Bxc3+ 7. bxc3 d6 8.
O-O O-O 9. Nd2 e5 10. d5 Ne7 11. Qc2 h6 12. h3 Qc7 13. f4 exf4 14. exf4 b5 15.
cxb5 Nexd5 16. Nc4 Re8 17. a4 Bb7 18. Bd2 Nb6 19. Nxb6 axb6 20. c4 d5 21. cxd5
Nxd5 22. Ra3 Qe7 23. Bc4 Qe4 24. Qa2 Re7 25. Rg3 Kf8 26. Kh2 Rae8 27. Re1 Qf5
28. Rxe7 Rxe7 29. Qb2 f6 30. Bd3 Qc8 31. Qb3 Qc7 32. Qc4 Qd6 33. Bc1 g5 34.
fxg5 hxg5 35. Qg4 Ne3 36. Bxe3 Rxe3 37. Bf5 Qe5 38. Bd7 Ke7 39. Bf5 Rxg3 40.
Qxg3 Qxf5 41. Qc7+ Qd7 0-1

[Event "Mitropa Cup 16th"]
[Site "Buekfuerdo"]
[Date "1995.??.??"]
[Round "1"]
[White "Mueller, Karsten"]
[Black "Godena, Michele"]
[Result "0-1"]
[WhiteElo "2470"]
[BlackElo "2430"]
[PlyCount "94"]
[EventDate "1995.02.??"]
[EventType "team-tourn"]
[EventRounds "9"]
[EventCountry "HUN"]
[Source "ChessBase"]
[SourceDate "1995.07.01"]

1. e4 e5 2. Nf3 Nc6 3. d4 exd4 4. Nxd4 Qf6 5. Nb5 Bc5 6. Qe2 Qd8 7. Be3 Bxe3 8.
Qxe3 a6 9. Nd4 Qf6 10. Nxc6 Qxb2 11. Qd4 Qc1+ 12. Ke2 Qxc2+ 13. Nd2 Qxc6 14.
Qxg7 Qf6 15. Qxf6 Nxf6 16. Rc1 Kd8 17. f4 Re8 18. Kf3 b6 19. Bd3 d6 20. Rhe1
Bb7 21. g4 Nd7 22. Nb3 c5 23. Bc4 Nf6 24. Nd2 d5 25. exd5 b5 26. Rxe8+ Kxe8 27.
g5 Nxd5 28. Bd3 Nc3+ 29. Ke3 Nd5+ 30. Kf3 Nc3+ 31. Ke3 b4 32. Bc4 Kf8 33. Nb3
Re8+ 34. Kf2 Re4 35. Na5 Rxf4+ 36. Ke3 Rf3+ 37. Kd2 Rf2+ 38. Ke3 Rf3+ 39. Kd2
Ba8 40. Re1 Ne4+ 41. Kc1 Ra3 42. Rf1 Nd6 43. Rd1 Ke7 44. Re1+ Kd7 45. Rd1 Rxa5
46. Bxf7 c4 47. h4 Rxa2 0-1

[Event "Mitropa Cup 16th"]
[Site "Buekfuerdo"]
[Date "1995.??.??"]
[Round "1"]
[White "Robatsch, Karl"]
[Black "Timoscenko, Gennadij"]
[Result "0-1"]
[WhiteElo "2410"]
[BlackElo "2520"]
[PlyCount "62"]
[EventDate "1995.02.??"]
[EventType "team-tourn"]
[EventRounds "9"]
[EventCountry "HUN"]
[Source "ChessBase"]
[SourceDate "1995.07.01"]

1. Nf3 Nf6 2. c4 g6 3. Nc3 Bg7 4. e4 d6 5. d4 O-O 6. Be3 Na6 7. h3 e5 8. dxe5
dxe5 9. Qb3 c6 10. Qa3 Nh5 11. Rd1 Qc7 12. c5 b5 13. b4 Nb8 14. Qb2 a5 15. a3
Qa7 16. g3 axb4 17. axb4 Qa3 18. Rb1 Qxb2 19. Rxb2 Ra1+ 20. Rb1 Ra3 21. Kd2 f5
22. Kc2 f4 23. Bc1 Rxc3+ 24. Kxc3 fxg3 25. Bg2 gxf2 26. Bg5 Ng3 27. Be7 Rf7 28.
Bd6 Nxe4+ 29. Kb3 Be6+ 30. Kb2 Nxd6 31. cxd6 e4+ 0-1

[Event "Mitropa Cup 16th"]
[Site "Buekfuerdo"]
[Date "1995.??.??"]
[Round "1"]
[White "Rogic, Davor"]
[Black "Polak, Tomas"]
[Result "1/2-1/2"]
[WhiteElo "2460"]
[BlackElo "2420"]
[PlyCount "70"]
[EventDate "1995.02.??"]
[EventType "team-tourn"]
[EventRounds "9"]
[EventCountry "HUN"]
[Source "ChessBase"]
[SourceDate "1995.07.01"]

1. e4 c6 2. d4 d5 3. Nd2 dxe4 4. Nxe4 Nd7 5. Nf3 Ngf6 6. Ng3 e6 7. Bd3 c5 8.
O-O cxd4 9. Nxd4 Bc5 10. Nf3 O-O 11. Qe2 Qc7 12. c4 b6 13. Ne4 Be7 14. Nxf6+
Nxf6 15. b3 Bb7 16. Bb2 Ng4 17. Be4 Bxe4 18. Qxe4 Bf6 19. Bxf6 Nxf6 20. Qe5 Qe7
21. Nd4 Rfd8 22. Rad1 Rac8 23. Nf5 Qf8 24. Ne3 Qa3 25. Rxd8+ Rxd8 26. Rd1 Rxd1+
27. Nxd1 h6 28. Qb2 Qd6 29. Qe2 Qd4 30. h3 Ne4 31. Kh2 a5 32. Qe3 Qd6+ 33. g3
Nc5 34. Nc3 f5 35. a3 Nxb3 1/2-1/2

[Event "Mitropa Cup 16th"]
[Site "Buekfuerdo"]
[Date "1995.??.??"]
[Round "1"]
[White "Ruck, Robert"]
[Black "Pelletier, Yannick"]
[Result "1/2-1/2"]
[WhiteElo "2460"]
[BlackElo "2420"]
[PlyCount "54"]
[EventDate "1995.02.??"]
[EventType "team-tourn"]
[EventRounds "9"]
[EventCountry "HUN"]
[Source "ChessBase"]
[SourceDate "1995.07.01"]

1. c4 Nf6 2. g3 g6 3. Bg2 Bg7 4. d4 d5 5. cxd5 Nxd5 6. Nf3 Nb6 7. a4 a5 8. Nc3
Nc6 9. O-O O-O 10. Bf4 Nxd4 11. Nxd4 e5 12. Ndb5 exf4 13. Qxd8 Rxd8 14. Nxc7
Rb8 15. Rfd1 Rxd1+ 16. Rxd1 Bg4 17. N7b5 Re8 18. Bxb7 Bxe2 19. Nxe2 Rxe2 20. b4
Nxa4 21. bxa5 Rb2 22. Bc6 Nc5 23. gxf4 Bf8 24. f5 Ra2 25. Nd6 Rxa5 26. fxg6
hxg6 27. Ne4 Nxe4 1/2-1/2

[Event "Mitropa Cup 16th"]
[Site "Buekfuerdo"]
[Date "1995.??.??"]
[Round "1"]
[White "Tatai, Stefano"]
[Black "Schmittdiel, Eckhard"]
[Result "0-1"]
[WhiteElo "2430"]
[BlackElo "2485"]
[PlyCount "84"]
[EventDate "1995.02.??"]
[EventType "team-tourn"]
[EventRounds "9"]
[EventCountry "HUN"]
[Source "ChessBase"]
[SourceDate "1995.07.01"]

1. e4 e6 2. d4 d5 3. Nc3 Nf6 4. Bg5 Be7 5. e5 Nfd7 6. Bxe7 Qxe7 7. f4 a6 8. Nf3
c5 9. Qd2 Nc6 10. dxc5 Qxc5 11. O-O-O b5 12. Nd4 Bb7 13. Nce2 b4 14. Nxc6 Bxc6
15. Nd4 a5 16. f5 exf5 17. e6 Ne5 18. Nxc6 Qxc6 19. Qxd5 Qxd5 20. Rxd5 f6 21.
Rc5 Ke7 22. Rc7+ Kxe6 23. Rxg7 f4 24. g3 f3 25. Bh3+ f5 26. Rg5 Rhf8 27. g4
Nxg4 28. Bxg4 fxg4 29. Re1+ Kd6 30. Rxg4 Rf5 31. Rd4+ Kc5 32. Rd3 Rg8 33. Rf1
f2 34. Rg3 Rxg3 35. hxg3 a4 36. Kd2 a3 37. bxa3 bxa3 38. g4 Rf4 39. g5 Kd4 40.
Ke2 Ke5 41. Ke3 Kf5 42. c4 Kg4 0-1

[Event "Mitropa Cup 16th"]
[Site "Buekfuerdo"]
[Date "1995.??.??"]
[Round "1"]
[White "Van Wely, Loek"]
[Black "Sermek, Drazen"]
[Result "1/2-1/2"]
[WhiteElo "2575"]
[BlackElo "2515"]
[PlyCount "29"]
[EventDate "1995.02.??"]
[EventType "team-tourn"]
[EventRounds "9"]
[EventCountry "HUN"]
[Source "ChessBase"]
[SourceDate "1995.07.01"]

1. d4 d5 2. c4 dxc4 3. e4 e5 4. Nf3 exd4 5. Bxc4 Nc6 6. O-O Be6 7. Bb5 Bc5 8.
b4 Bb6 9. Bb2 Nge7 10. Nxd4 O-O 11. Nxc6 Nxc6 12. Bxc6 Qxd1 13. Rxd1 bxc6 14.
Nd2 a5 15. a3 1/2-1/2

[Event "Mitropa Cup 16th"]
[Site "Buekfuerdo"]
[Date "1995.??.??"]
[Round "2"]
[White "Almasi, Zoltan"]
[Black "Hoffmann, Michael"]
[Result "1-0"]
[WhiteElo "2590"]
[BlackElo "2475"]
[PlyCount "65"]
[EventDate "1995.02.??"]
[EventType "team-tourn"]
[EventRounds "9"]
[EventCountry "HUN"]
[Source "ChessBase"]
[SourceDate "1995.07.01"]

1. e4 c5 2. Nf3 d6 3. d4 cxd4 4. Nxd4 Nf6 5. Nc3 g6 6. Be3 Bg7 7. f3 Nc6 8. Qd2
O-O 9. O-O-O d5 10. exd5 Nxd5 11. Nxc6 bxc6 12. Bd4 e5 13. Bc5 Be6 14. Ne4 Re8
15. Bc4 a5 16. a4 Qc7 17. h4 h6 18. g4 Rab8 19. g5 h5 20. b3 Nf4 21. Bxe6 Nxe6
22. Bd6 Qb6 23. Bxb8 Rxb8 24. Rhe1 Nd4 25. Qc3 Rd8 26. Rd3 Rd5 27. Qc4 Qb7 28.
Kb2 Nf5 29. Nf6+ Bxf6 30. gxf6 Kh7 31. Qc3 Rxd3 32. Qxd3 c5 33. Rxe5 1-0

[Event "Mitropa Cup 16th"]
[Site "Buekfuerdo"]
[Date "1995.??.??"]
[Round "2"]
[White "Bosboom, Manuel"]
[Black "Belotti, Bruno"]
[Result "1/2-1/2"]
[WhiteElo "2430"]
[BlackElo "2405"]
[Annotator "Ribli"]
[PlyCount "112"]
[EventDate "1995.02.??"]
[EventType "team-tourn"]
[EventRounds "9"]
[EventCountry "HUN"]
[Source "ChessBase"]
[SourceDate "1995.07.01"]

1. c4 g6 2. Nf3 Bg7 3. g3 Nf6 4. Bg2 O-O 5. O-O Nc6 6. Nc3 d6 7. Rb1 a5 {
Polgar,J halt die a-Linie lieber zu, z.B. 7...e5 8.d3 h6 9.b4 Be6 10.b5 Ne7
mit komplizierter Stellung. Gurevich,M-Polgar,J/Groningen PCA/1993/CBM39/
INF59,30/} 8. a3 e5 9. d3 Bf5 (9... h6 {Man spielt diese Fortsetzung sehr oft.}
10. b4 axb4 11. axb4 Be6 12. b5 Ne7 13. Bb2 Qd7 14. Ra1 Rac8 15. Ra7 b6 16. Qc2
$14 {Zueger,B-Wahls,M/SWZ-ch/1994/EXP43/}) 10. Bg5 $5 {Diese Idee ist bekannt,
Andersson spielte merhmals erfolgreich.} h6 11. Bxf6 Bxf6 12. Nd2 Bg7 13. b4
axb4 14. axb4 Qd7 $5 (14... Qc8 15. Nd5 $1 Be6 16. b5 Bxd5 17. Bxd5 Ne7 18. Bg2
c6 19. Ne4 Qd7 20. Qb3 $14 {Andersson,U-Lautier,J/Cannes/1989/CBM11/}) 15. b5
Nd8 16. Nd5 Ra2 $6 {Dieser "aktive" Zug nur Tempoverlust.} (16... Rb8 $5) 17.
Ne4 Bxe4 18. Bxe4 h5 19. e3 Ra8 20. Nb4 Rb8 21. Ra1 Ne6 22. Ra7 Nc5 23. Bg2 (
23. Bd5 $5) 23... f5 24. d4 exd4 25. exd4 Ne4 26. Nd5 Rfe8 27. Qd3 Qd8 28. h4
$6 c6 29. bxc6 bxc6 30. Nf4 Qb6 $1 {Schwarz steht schon bequemer.} 31. Bxe4 $1
fxe4 (31... Qxa7 32. Bxc6 Rec8 33. Qf3 $44 {Weiss hat ausreichende
Kompensation fuer die Qualitaet.}) 32. Qa3 Bxd4 (32... Qxd4 $6 33. Nxg6 $5 e3
34. Ne7+ Kh8 35. Qxe3 $1 $16 (35. Nf5 $2 exf2+ 36. Kg2 (36. Rxf2 Rb1+ 37. Kg2
Qd1 $19) 36... Qe4+ 37. Qf3 Qxf3+ 38. Kxf3 Rf8 39. g4 $17)) 33. Ra6 Qb3 34.
Qxb3 Rxb3 35. Kg2 e3 36. Rxc6 Be5 (36... Bc5 $6 37. Nd5 $1 e2 38. Re1 $14) 37.
fxe3 (37. Nxg6 $2 e2 38. Re1 Bc3 $19) 37... Rxe3 38. Rf3 Rxf3 39. Kxf3 Rf8 40.
c5 dxc5 41. Rxg6+ Kh7 42. Rc6 Bxf4 43. gxf4 Ra8 $1 44. Ke4 Ra1 $1 {Das
Endspiel ist remis.} 45. Rxc5 Kh6 46. Kf5 Rg1 47. Rc6+ Kg7 48. Rc7+ Kh6 49. Ke5
Rg4 50. Rc6+ Kg7 51. f5 Rxh4 52. Rc7+ Kg8 53. Kf6 Rh1 54. Rg7+ Kf8 55. Rf7+ Kg8
56. Rg7+ Kf8 {Ribli} 1/2-1/2

[Event "Mitropa Cup 16th"]
[Site "Buekfuerdo"]
[Date "1995.??.??"]
[Round "2"]
[White "Ekstroem, Roland"]
[Black "Zelcic, Robert"]
[Result "1-0"]
[WhiteElo "2430"]
[BlackElo "2500"]
[PlyCount "81"]
[EventDate "1995.02.??"]
[EventType "team-tourn"]
[EventRounds "9"]
[EventCountry "HUN"]
[Source "ChessBase"]
[SourceDate "1995.07.01"]

1. e4 Nf6 2. e5 Nd5 3. d4 d6 4. Nf3 c6 5. Be2 dxe5 6. Nxe5 Nd7 7. c4 Nc7 8. Nf3
g6 9. O-O Bg7 10. Nc3 O-O 11. Bf4 Ne6 12. Be3 Qc7 13. Qd2 Rd8 14. Rad1 Ne5 15.
d5 Ng4 16. Rfe1 Nxe3 17. Qxe3 Nf4 18. dxc6 Rxd1 19. Bxd1 bxc6 20. Qxe7 Qxe7 21.
Rxe7 Be6 22. Bb3 Nd3 23. Na4 Nxb2 24. Nxb2 Bxb2 25. Rc7 a5 26. Rxc6 a4 27. Bc2
Bf6 28. h4 Kf8 29. Ng5 Bxg5 30. hxg5 a3 31. Bb3 Ke7 32. Rb6 Ra5 33. f4 Kd7 34.
Kf2 Kc7 35. Rb4 Kc6 36. Ke3 Kc5 37. Rb8 Ra7 38. Rb5+ Kc6 39. Kd4 Rd7+ 40. Kc3
Bf5 41. Rxf5 1-0

[Event "Mitropa Cup 16th"]
[Site "Buekfuerdo"]
[Date "1995.??.??"]
[Round "2"]
[White "Gross, David"]
[Black "Manik, Mikulas"]
[Result "1-0"]
[WhiteElo "2425"]
[BlackElo "2380"]
[PlyCount "79"]
[EventDate "1995.02.??"]
[EventType "team-tourn"]
[EventRounds "9"]
[EventCountry "HUN"]
[Source "ChessBase"]
[SourceDate "1995.07.01"]

1. e4 c5 2. Nf3 Nc6 3. d4 cxd4 4. Nxd4 Nf6 5. Nc3 e5 6. Ndb5 d6 7. Bg5 a6 8.
Na3 b5 9. Nd5 Be7 10. Nxe7 Nxe7 11. Qf3 Bg4 12. Qg3 Be6 13. Bd3 Ng6 14. O-O h6
15. Bxf6 Qxf6 16. c4 b4 17. Nc2 a5 18. Ne3 Nf4 19. Nd5 Bxd5 20. cxd5 O-O 21.
Rfc1 Rfc8 22. Bf1 Qg6 23. Qxg6 Nxg6 24. g3 Ne7 25. Bh3 Rxc1+ 26. Rxc1 Ra7 27.
Kf1 Kf8 28. Ke2 Ke8 29. Kd3 g6 30. f4 exf4 31. gxf4 f5 32. Kd4 fxe4 33. Be6 Kd8
34. Kxe4 Rc7 35. Rxc7 Kxc7 36. h4 h5 37. f5 gxf5+ 38. Kf4 Kb6 39. Kg5 f4 40.
Kf6 1-0

[Event "Mitropa Cup 16th"]
[Site "Buekfuerdo"]
[Date "1995.??.??"]
[Round "2"]
[White "Gyimesi, Zoltan"]
[Black "Mueller, Karsten"]
[Result "1/2-1/2"]
[WhiteElo "2500"]
[BlackElo "2470"]
[PlyCount "87"]
[EventDate "1995.02.??"]
[EventType "team-tourn"]
[EventRounds "9"]
[EventCountry "HUN"]
[Source "ChessBase"]
[SourceDate "1995.07.01"]

1. d4 d5 2. c4 c6 3. Nf3 Nf6 4. Nc3 e6 5. cxd5 cxd5 6. Bf4 Nc6 7. e3 Bd6 8.
Bxd6 Qxd6 9. Bd3 O-O 10. O-O Bd7 11. a3 Rac8 12. Rc1 e5 13. dxe5 Nxe5 14. h3
Rfd8 15. Nxe5 Qxe5 16. Bb1 Bc6 17. Qd4 Qxd4 18. exd4 Kf8 19. f3 Re8 20. Kf2 Ke7
21. h4 Kd6 22. g4 h6 23. Rfe1 Rxe1 24. Rxe1 Re8 25. Ne2 Bb5 26. Ng3 g6 27. Rxe8
Bxe8 28. Nf1 Bd7 29. Ne3 Ng8 30. Bd3 Ne7 31. Ng2 Nc6 32. Ke3 Na5 33. Kd2 Nc6
34. Kc3 Ne7 35. Ne3 Be8 36. f4 Bd7 37. Be2 Be8 38. Nf1 Bd7 39. Kd2 f6 40. Ng3
g5 41. hxg5 fxg5 42. Ke3 gxf4+ 43. Kxf4 Nc6 44. Ke3 1/2-1/2